Účtovanie finančnej investície do Maďarska

Účtovanie dlhodobej finančnej investície pre dcérsku spoločnosť v Maďarsku.

Uložené v:
Podrobná bibliografia
Hlavný autor: Kubaščíková, Zuzana, 1982-
Médium: Kapitola
Jazyk:Slovak
Predmet:
Tagy: Pridať tag
Žiadne tagy, Buďte prvý, kto otaguje tento záznam!

MARC

LEADER 00000naa a2200000 4500
001 0171979
005 20240502072940.6
041 0 |a slo 
044 |a SK 
245 1 0 |a Účtovanie finančnej investície do Maďarska  |c Zuzana Kubaščíková 
520 |a Účtovanie dlhodobej finančnej investície pre dcérsku spoločnosť v Maďarsku. 
610 2 0 |a účtovníctvo 
610 2 0 |a operácie účtovné 
610 2 0 |a dokumentácia účtovná 
610 2 0 |a rozdiely kurzové 
610 2 0 |a závierka účtovná 
610 2 0 |a spoločnosti dcérske 
100 1 |a Kubaščíková, Zuzana, 1982-